000 00424nam a2200181Ia 4500
005 20251020182552.0
008 200515s9999 xx 000 0 und d
082 _aR/62.(038)/G91
100 _aGUINGLE, R. L.
245 0 _aNuevo diccionario técnico y de ingeniería
260 _aMéxico, D.F.
260 _c1978
300 _a311
650 _aDICCIONARIOS
650 _aINGENIERIA
650 _aLIB
942 _cLIB
999 _c2759
_d2759